000 00579nam a2200169 4500
001 110119
003 ES-MaACL
005 20230906184958.0
007 t|
008 061121s1971 sp r ||||1| spa d
100 1 _aMokoroa, Justo María.
_981834
245 1 0 _aLengua vasca de hoy y de mañana
_b: Ocho respuestas al cuestionario de la II Semana de antropologia vasca /
_cJusto-Mari Mokoroa.
260 _aSan Sebastián :
_bAuñamendi,
_c1971.
300 _a116 p. ;
_c18 cm.
711 2 _aSemana de Antropología Vasca (
_n2ª)
_9978
852 _aES-MaACL
_jC-47581
_bR.80422
999 _c110119
_d110119